International Commodity Agreements and the Common Fund (Record no. 1173939)

MARC details
000 -LEADER
fixed length control field 00712nam a2200253Ia 4500
003 - CONTROL NUMBER IDENTIFIER
control field OSt
005 - DATE AND TIME OF LATEST TRANSACTION
control field 20221007100421.0
008 - FIXED-LENGTH DATA ELEMENTS--GENERAL INFORMATION
fixed length control field 221006b |||||||| |||| 00| 0 eng d
037 ## - SOURCE OF ACQUISITION
Terms of availability Textual
040 ## - CATALOGING SOURCE
Original cataloging agency LCO
Transcribing agency LCO
Language of cataloging eng
041 ## - LANGUAGE CODE
Source of code eng
Language code of text/sound track or separate title eng
100 ## - MAIN ENTRY--PERSONAL NAME
Personal name Reynolds Paul D.
245 #0 - TITLE STATEMENT
Title International Commodity Agreements and the Common Fund
260 ## - PUBLICATION, DISTRIBUTION, ETC.
Place of publication, distribution, etc. New
Name of publisher, distributor, etc. York Praeger Publishers Praeger Special Studies U.S.A.
Date of publication, distribution, etc. 1978
300 ## - PHYSICAL DESCRIPTION
Extent 233
500 ## - GENERAL NOTE
General note A Legal and Financial Analysis
650 ## - SUBJECT ADDED ENTRY--TOPICAL TERM
Topical term or geographic name entry element COMMON FUND
9 (RLIN) 701639
942 ## - ADDED ENTRY ELEMENTS (KOHA)
Classification part X65, L8
Koha item type Textual
Holdings
Withdrawn status Lost status Damaged status Not for loan Home library Current library Date acquired Total Checkouts Full call number Barcode Date last seen Price effective from Koha item type
        Law Centre-I Library Law Centre-I Library 2022-10-07   X65 L8 LO0630322 2022-10-07 2022-10-07 Textual
Copyright @ Delhi University Library System